Models of my life

Αποθηκεύτηκε σε:
Λεπτομέρειες βιβλιογραφικής εγγραφής
Κύριος συγγραφέας: Simon, Herbert A. (Simon Alexander), 1916-2001
Μορφή: Βιβλίο
Γλώσσα:English
Δημοσίευση: Cambridge : The MIT press, 1996
Θέματα:
Ετικέτες: Προσθήκη ετικέτας
Δεν υπάρχουν, Καταχωρήστε ετικέτα πρώτοι!

MARC

LEADER 00000nam a2200000 i 4500
001 1/56641
008 981204s1996 eng d
020 |a 0-262-69185-X 
035 |l 10045602 
040 |a GR-MY-UA  |b gre  |e aacr 
041 0 |a eng 
082 0 |a 330.092 
100 1 |a Simon, Herbert A.   |q (Simon Alexander),   |d 1916-2001. 
245 1 0 |a Models of my life /  |c Herbert A. Simon 
260 |a Cambridge :   |b The MIT press,   |c 1996 
300 |a xxix, 415 p.;  |c 23 cm. 
500 |a Includes bibliography and index 
600 1 0 |a Simon Herbert Alexander  |d 1916- 
650 0 0 |a Economists  |z United States  |x Biography. 
650 0 0 |a Artificial intelligence. 
852 |a INST  |b SAMOS  |e 19981204  |h 330.092 SIM  |p 005300013733  |q 005300013733  |t BK  |y 0 
901 |a BIBL-1998-3 
909 |a Σ  |b 060896 
922 |a 3ΕΛΗ  |b 199811  |c ΤΠΕΣ  |d ΠΑΠΑΣΩΤΗΡΙΟΥ